| 000 | 00447nam a22001697a 4500 | ||
|---|---|---|---|
| 003 | OSt | ||
| 008 | 260416b |||||||| |||| 00| 0 eng d | ||
| 082 |
_a589.2 _bK11B |
||
| 100 | _aKumari, Kabita | ||
| 245 | _aBiocontrol potential of Native Mycoflora against Anthracnose of Betelvine | ||
| 260 |
_aPusa, Samastipur _bRAU, Pusa _c2008 |
||
| 300 | _a37P. | ||
| 502 |
_bMsc. _d2008 |
||
| 650 | _aPlant Pathology | ||
| 650 | _aMsc. | ||
| 942 |
_2ddc _cT |
||
| 999 |
_c50067 _d50067 |
||